Bilder nach Buchstabe - X - Statistiken

Allgemein
  • Dieses Quiz wurde 75 mal gespielt
  • Das Durchschnittsergebnis liegt bei 5 aus 10
Antwortstatistiken
Bildquiz Antwort % Korrekt
X-Beine
99%
Xylophon
93%
XBox
87%
X-Men
75%
Xi Jinping
33%
Xi'An
31%
Xenon
28%
Xavi Hernandez
21%
Xzibit
13%
Xanthippe
9%
Keine übereinstimmenden Quizze gefunden
Verteilung der Resultate
Anzahl Personen mit jedem Resultat
Perzentil nach korrekt beantworteten Fragen
Ihre Resultats-Entwicklung
Sie haben dieses Quiz noch nicht gespielt